[Event "17th Izmir Open 2018"]
[Site "Izmir"]
[Date "2018.09.09"]
[Round "1.1"]
[White "Yilmazyerli, Mert"]
[Black "Hocek, Yigit"]
[Result "1-0"]
[WhiteElo "2450"]
[BlackElo "1334"]
[Annotator "TA"]
[PlyCount "61"]
[EventDate "2018.09.09"]
[EventType "swiss"]
[EventCountry "TUR"]
[SourceTitle "playchess.com"]
[Source "ChessBase"]
[SourceQuality "1"]

{[%evp 12,61,93,93,164,137,91,98,93,97,181,193,212,187,279,244,321,239,287,282,252,166,165,154,151,156,1365,1371,1371,925,1384,970,1745,1727,1620,1612,1556,1531,1555,1525,29991,29992,29992,29993,29993,29993,29993,29994,29994,29995,29998,29999]} 1. d4 g6 2. e4 Bg7 3. Nc3 d6 4. f4 Nf6 5. Nf3 Bg4 6. h3 Bxf3 7. Qxf3 {Hoping for e5.} c6 {B09: Pirc Defence: Austrian Attack} (7... Qc8 $16) (7... Nfd7 8. e5 Qc8 9. Bc4 Nb6 10. Bb3 Nc6 11. Be3 Na5 12. O-O O-O 13. Bf2 c6 14. Bh4 Qc7 15. Ne4 {1-0 (40) Gao,R (2500)-Zhao,J (2560) Beijing 2009}) 8. e5 dxe5 9. dxe5 Nd5 {White is better.} 10. Bd2 {[%cal Bc1d2,Bd2e3,Be3c5][%mdl 32]} e6 {[#]} (10... Nxc3 $16 {was worth a try.} 11. Bxc3 O-O) 11. Ne4 $1 $18 O-O 12. c4 $146 ({Predecessor:} 12. O-O-O Nd7 13. c4 N5b6 {1-0 (26) Dob,G (1818)-Tjiptadi,K (1069) LSS email 2010}) 12... Ne7 (12... f5 $142) 13. O-O-O Qb6 14. Be3 Qa5 15. Bc5 Re8 16. Nd6 Rd8 17. Nxb7 Rxd1+ 18. Qxd1 Qxa2 $2 (18... Qc7 $16) 19. Qd8+ Bf8 20. Bd3 {[%cal Bf1d3,Bd3b1,Bb1c2][%mdl 32]} Qb3 21. Na5 Qa2 22. Bxe7 {[%csl Ge7][%cal Rd8f8] [#]} Nd7 23. Qxa8 Qa1+ 24. Bb1 {Rd1 would kill now.} Qxa5 25. Rd1 Qa6 26. Rxd7 {[%csl Ge7][%cal Ra8f8] White mates.} Qxc4+ 27. Bc2 {[%csl Ge7][%cal Ra8f8]} Qf1+ 28. Rd1 {[%csl Ge7][%cal Ra8f8,Bd7d1,Bd1d8,Bd8f8][%mdl 32]} Qxf4+ 29. Kb1 {[%csl Ge7][%cal Ra8f8]} Qh6 30. Rd8 g5 31. Rxf8+ {Precision: White = 91%, Black = 19%.} 1-0

[Event "17th Izmir Open 2018"]
[Site "Izmir"]
[Date "2018.09.09"]
[Round "1.2"]
[White "Gencer, Deniz"]
[Black "Mammadov, Ayaz"]
[Result "0-1"]
[WhiteElo "1218"]
[BlackElo "2411"]
[Annotator "TA"]
[PlyCount "54"]
[EventDate "2018.09.09"]
[EventType "swiss"]
[EventCountry "TUR"]
[SourceTitle "playchess.com"]
[Source "ChessBase"]
[SourceQuality "1"]

{[%evp 13,54,0,0,-34,-34,-51,-55,-55,-59,-50,-51,-53,-17,-186,-184,-196,-194,-212,-187,-187,-183,-189,-183,-202,-184,-187,-177,-184,-181,-214,-200,-202,-192,-244,-180,-276,-273,-443,-453,-447,-439,-1090,-1083]} 1. d4 d5 2. Nf3 c6 3. e3 Nf6 4. Bd3 Bg4 5. c4 e6 6. Bd2 {D11: Slav Defence: 3 Nf3 sidelines and 3...Nf6 4 e3 Bg4} (6. Nbd2 Nbd7 7. O-O Bd6 8. h3 Bh5 9. Re1 O-O 10. e4 Bg6 11. Qc2 dxe4 12. Nxe4 Nxe4 13. Bxe4 Bxe4 14. Qxe4 {½-½ (54) Grachev,B (2669)-Vitiugov,N (2738) Kazan 2014}) 6... Nbd7 {[%cal Bb8d7,Bd7e5,Be5d3][%mdl 32]} 7. Nc3 Bd6 {LiveBook: 3 Games} 8. Rc1 {The position is equal.} O-O $146 ({Predecessor:} 8... Rc8 9. c5 Bb8 10. Be2 Qc7 11. Nh4 Bxe2 12. Qxe2 h6 13. g3 g5 {½-½ (31) Lasker,E-Von Gottschall,H Berlin 1890}) 9. Be2 dxc4 10. Bxc4 e5 11. dxe5 Nxe5 12. Be2 Bxf3 13. Bxf3 $2 {[#]} (13. gxf3 $11 Qd7 14. f4) 13... Nd3+ $19 14. Kf1 Nxc1 15. Qxc1 Be5 16. g3 Qd3+ 17. Kg2 Rad8 18. Rd1 h5 19. h4 Qf5 20. a3 Rd7 21. Re1 Rfd8 22. e4 Qg6 23. Be3 (23. Bg5 $142) 23... b6 24. a4 (24. Bg5 $142) 24... Ng4 25. Bxg4 $2 {[#]} (25. Bg5 {keeps fighting.} f6 26. Bf4) 25... Qxg4 {Black is clearly winning.} 26. Qc2 Rd3 27. Nd5 (27. Qe2 $142) 27... Qxe4+ {Precision: White = 32%, Black = 69%.} 0-1

[Event "17th Izmir Open 2018"]
[Site "Izmir"]
[Date "2018.09.09"]
[Round "1.3"]
[White "Arat, Ufuk Sezen"]
[Black "Kaya, Nehar Baris"]
[Result "*"]
[WhiteElo "2385"]
[BlackElo "1356"]
[Annotator "NA"]
[PlyCount "53"]
[EventDate "2018.09.09"]
[EventType "swiss"]
[EventCountry "TUR"]
[SourceTitle "playchess.com"]
[Source "ChessBase"]
[SourceQuality "1"]
[TimeControl "5400+30"]

1. d4 Nf6 2. Nf3 g6 3. Nbd2 Bg7 4. e4 d6 5. Bd3 O-O 6. O-O Nbd7 7. Re1 e5 8. c3 Nh5 9. a4 {B07: Pirc Defence: Miscellaneous Systems} (9. Nc4 h6 10. Bd2 Re8 11. Bf1 b6 12. Qc2 Bb7 13. d5 f5 14. exf5 Bxd5 15. Be2 Nc5 16. fxg6 Rf8 {½-½ (41) Godena,M (2548)-Gashimov,V (2757) Porto Carras 2011}) 9... Nf4 10. Bf1 b6 $146 ({Predecessor:} 10... Ne6 11. Nc4 h6 12. a5 a6 13. g3 Ng5 14. Nxg5 hxg5 15. dxe5 Nxe5 16. Nxe5 Bxe5 {½-½ (42) Husari,S (2334)-Berczes,C (2397) Budapest 2010}) 11. a5 Bb7 12. a6 Bc8 13. Nc4 b5 14. dxe5 dxe5 15. Ncxe5 Nxg2 16. Bxg2 Nxe5 17. Nxe5 Bxe5 18. Qxd8 Rxd8 19. f4 Bg7 20. e5 Rb8 21. Be3 c6 22. Bxa7 Ra8 23. Bb6 Rd2 $18 24. a7 Bb7 25. Rad1 Rxb2 26. Rd7 Bc8 27. Rd8+ *

[Event "17th Izmir Open 2018"]
[Site "Izmir"]
[Date "2018.09.09"]
[Round "1.4"]
[White "Dincer, Ozgur Deniz"]
[Black "Darban, Morteza"]
[Result "0-1"]
[WhiteElo "1619"]
[BlackElo "2333"]
[Annotator "TA"]
[PlyCount "54"]
[EventDate "2018.09.09"]
[EventType "swiss"]
[EventCountry "TUR"]
[SourceTitle "playchess.com"]
[Source "ChessBase"]
[SourceQuality "1"]

{[%evp 14,54,5,0,0,-36,-14,-11,0,-16,11,6,0,10,14,-29,2,10,0,0,0,0,18,-10,-10,-17,-28,-18,-20,-83,-84,-109,-53,-64,-102,-208,-216,-675,-428,-968,-928,-636,200]} 1. e4 c5 2. Nf3 a6 3. d4 cxd4 4. Nxd4 Nf6 5. Nc3 e5 6. Nf5 d5 7. Bg5 Bxf5 8. exf5 Bb4 {B28: Sicilian: 2 Nf3 a6 (O'Kelly Variation)} 9. Qf3 (9. Bd2 Nc6 10. a3 Bc5 11. b4 Bd4 12. Rb1 O-O 13. g4 Bxc3 14. Bxc3 Ne4 15. Qf3 Qh4 16. Be2 {0-1 (34) Reichardt,G (1977)-Bosboom,M (2403) Spakenburg 2018}) 9... Nc6 $146 {[#] Threatens to win with ...Qa5.} ({Predecessor:} 9... e4 10. Qg3 Nc6 11. O-O-O Bxc3 12. Qxc3 d4 13. Qc5 Rc8 14. Bc4 Ne7 15. Qb4 Nxf5 16. Rhe1 {1-0 (46) Rycyk,R (1711)-Kotula,M (1567) Polanica Zdroj 2016}) 10. O-O-O $1 {[%cal Rc3d5]} Bxc3 $1 {The position is equal.} 11. Qxc3 Ne4 12. Bxd8 Nxc3 13. bxc3 {And now Bb6 would win.} Rxd8 14. g4 b5 {[#]} 15. a4 $1 {[%mdl 512]} bxa4 16. Bxa6 Ke7 $36 {[%mdl 2048] Black has some pressure.} 17. Bb5 Na5 18. Bxa4 (18. f4 $5) 18... Ra8 19. Bb3 ({Don't go for} 19. Rxd5 $2 Nc4 $19) 19... Nxb3+ 20. cxb3 $11 {[%mdl 4096] Endgame KRR-KRR} Ra2 21. Rhf1 (21. Rhe1 $11 Kd6 22. f4) 21... Rha8 $17 {[%mdl 1024] Black has strong compensation.} 22. h3 R8a3 (22... Kd6 $17) 23. Kb1 $1 $15 Kd6 {Hoping for ...Re2.} 24. c4 (24. b4 $17) 24... d4 $19 25. Rfe1 $2 (25. b4 Re2 26. f4) 25... Rxf2 {Black is clearly winning.} 26. Rf1 (26. Rd3 $142 f6 27. h4) 26... Rxb3+ 27. Ka1 f6 $4 {[%mdl 40960] Precision: White = 23%, Black = 67%. . Loss on Time!?} (27... Rxf1 $19 28. Rxf1 Rxh3) 0-1

[Event "17th Izmir Open 2018"]
[Site "Izmir"]
[Date "2018.09.09"]
[Round "1.5"]
[White "Guseynov, Alihan"]
[Black "Yunus, Ali Emre"]
[Result "*"]
[WhiteElo "2297"]
[BlackElo "1294"]
[Annotator "NA"]
[PlyCount "51"]
[EventDate "2018.09.09"]
[EventType "swiss"]
[EventCountry "TUR"]
[SourceTitle "playchess.com"]
[Source "ChessBase"]
[SourceQuality "1"]
[TimeControl "5400+30"]

1. d4 d5 2. c4 e6 3. Nc3 Nf6 4. Bg5 Be7 5. cxd5 exd5 6. e3 O-O 7. Bd3 b6 8. Bxf6 Bxf6 9. Qh5 g6 10. Qxd5 c6 11. Qxd8 Rxd8 12. Nge2 {D35: Queen's Gambit Declined: Exchange Variation} Bb7 13. Be4 Nd7 14. Rc1 (14. O-O Rac8 15. Rfd1 Ba6 16. Bd3 Bxd3 17. Rxd3 c5 18. Nd5 cxd4 19. Nxf6+ Nxf6 20. Rxd4 Rxd4 21. Nxd4 {1-0 (62) Hummel,P (2364)-Peters,J (2448) San Pedro 2006}) 14... Rac8 $146 ({Predecessor:} 14... Rab8 15. O-O c5 16. Rfd1 cxd4 17. exd4 Bg7 18. Bxb7 Rxb7 19. Ne4 Nf6 20. Nxf6+ Bxf6 21. Rc2 Rbd7 22. Kf1 Kf8 23. Rcd2 {½-½ (23) Kilian,M (2013)-Kuhn,N (2151) Schweinfurt 2014}) 15. Nb5 Be7 16. Nxa7 Bb4+ 17. Kd1 Ra8 18. Nxc6 Bxc6 19. Rxc6 Rxa2 20. Kc2 Nc5 21. Bf3 b5 22. Rxc5 Bxc5 23. dxc5 Rc8 24. c6 Rd8 25. Nd4 Ra5 26. Kb3 $18 *

[Event "17th Izmir Open 2018"]
[Site "Izmir"]
[Date "2018.09.09"]
[Round "1.6"]
[White "Gul, Yusuf"]
[Black "Isik, Alparslan"]
[Result "0-1"]
[WhiteElo "1282"]
[BlackElo "2210"]
[Annotator "TA"]
[PlyCount "76"]
[EventDate "2018.09.09"]
[EventType "swiss"]
[EventCountry "TUR"]
[SourceTitle "playchess.com"]
[Source "ChessBase"]
[SourceQuality "1"]

{[%evp 18,76,0,0,2,0,5,-20,-15,-36,-36,-36,-36,-29,-34,-39,-32,-41,-52,-39,-53,-56,-48,-56,-72,-131,-97,-93,-76,-148,-151,-183,-155,-158,-141,-165,-156,-167,-157,-222,-224,-217,-217,-590,-450,-426,-423,-719,-672,-664,-588,-568,-409,-392,-395,-811,-779,-982,-970,-937,-804]} 1. e4 c5 2. Nf3 d6 3. d4 cxd4 4. Nxd4 Nf6 5. Nc3 a6 6. Be3 e5 7. Nb3 Be6 8. Nd5 Nbd7 9. f3 Bxd5 10. exd5 {LiveBook: 13 Games} Rc8 {B90: Sicilian Najdorf: Unusual White 6th moves, 6 Be3 Ng4 and 6 Be3 e5} (10... h5 11. Be2 Qc7 12. c4 Be7 13. O-O g6 14. Rc1 a5 15. f4 exf4 16. Rxf4 O-O 17. Nd4 Rfe8 18. Nb5 {0-1 (35) Rombaldoni,A (2448)-Kovalyov,A (2599) Bratto 2010}) 11. Rc1 Be7 12. Be2 b5 {The position is equal.} 13. O-O $146 ({Predecessor:} 13. c4 b4 14. O-O O-O 15. Bd3 a5 16. Nd2 Qc7 17. Kh1 Nc5 18. Bb1 {1-0 (37) Dimitriadis,P (1696)-Menezes,C (1776) Imst 2008}) 13... Nb6 14. Bxb6 Qxb6+ 15. Kh1 O-O 16. c4 bxc4 17. Bxc4 a5 {[%cal Ba6a5,Ba5a4][%mdl 32]} 18. Qd2 Bd8 19. Rfd1 a4 20. Na1 e4 21. Qd4 (21. b3 $142) 21... exf3 22. gxf3 Nd7 23. Qg4 (23. Qxb6 $142 Nxb6 24. Bb5) 23... Rc7 $17 24. Rg1 {[%csl Gg1][%cal Rg4g7] [#]} Bf6 25. b3 axb3 26. axb3 Ne5 $36 {[%mdl 2048] White is under strong pressure.} 27. Qf5 Kh8 28. f4 (28. Rgf1 $17 {keeps fighting.}) 28... Nxc4 $19 29. bxc4 Qe3 {And now ...Qf3+ would win.} 30. Rc2 $2 {[#]} (30. Rgf1) 30... Qf3+ 31. Rcg2 Rxc4 32. Nc2 (32. Qb1 $142) 32... Rxf4 33. Qd7 Qxd5 34. Ne3 Qe6 35. Qxe6 fxe6 36. Ng4 $2 (36. Rd1) 36... Bd4 {Black is clearly winning.} 37. Nf2 Bxf2 38. Rb1 Bd4 {Precision: White = 39%, Black = 73%.} 0-1

[Event "17th Izmir Open 2018"]
[Site "Izmir"]
[Date "2018.09.09"]
[Round "1.7"]
[White "Mohannad, Farhan"]
[Black "Demirtas, Alper"]
[Result "*"]
[WhiteElo "2201"]
[BlackElo "1423"]
[Annotator "NA"]
[PlyCount "35"]
[EventDate "2018.09.09"]
[EventType "swiss"]
[EventCountry "TUR"]
[SourceTitle "playchess.com"]
[Source "ChessBase"]
[SourceQuality "1"]
[TimeControl "5400+30"]

1. d4 d5 2. c4 c6 3. Nf3 Nf6 4. Nc3 e6 5. Qb3 Qc7 6. Bg5 Be7 7. e3 O-O 8. Rc1 dxc4 9. Bxc4 b5 10. Bd3 Qb6 11. O-O a5 12. e4 Re8 13. e5 Nd5 14. Nxd5 exd5 15. Qxd5 Be6 16. Qe4 g6 17. Qh4 h5 18. Bxe7 *

[Event "17th Izmir Open 2018"]
[Site "Izmir"]
[Date "2018.09.09"]
[Round "1.8"]
[White "Sarbak, Omer"]
[Black "Grigoriev, Armen"]
[Result "0-1"]
[WhiteElo "1343"]
[BlackElo "2067"]
[Annotator "NA"]
[PlyCount "98"]
[EventDate "2018.09.09"]
[EventType "swiss"]
[EventCountry "TUR"]
[SourceTitle "playchess.com"]
[Source "ChessBase"]
[SourceQuality "1"]
[TimeControl "5400+30"]

1. e4 c5 2. Nf3 Nc6 3. Bb5 Na5 4. Be2 Nf6 5. e5 Nd5 6. Nc3 Nf4 7. O-O b6 8. d4 Nxe2+ 9. Qxe2 cxd4 10. Nxd4 Bb7 11. f4 Qc8 12. Qf2 h5 13. f5 Nc6 14. Nf3 Nb4 15. a3 Nd5 16. Nxd5 Bxd5 17. Nd4 Qb7 18. f6 gxf6 19. exf6 Rg8 20. g3 e6 21. Bf4 d6 22. Rfe1 h4 23. Rad1 hxg3 24. Bxg3 O-O-O 25. Ne2 Be4 26. Nc3 Bc6 27. b4 d5 28. Ne2 Bd6 29. Nd4 Rg4 30. Nxc6 Qxc6 31. Rd3 Rdg8 32. Ree3 Rc4 33. Re2 Kb7 34. Kf1 Rc8 35. Bxd6 Qxd6 36. Rg3 e5 37. Rg5 Rf4 38. Rgxe5 Rxf2+ 39. Kxf2 Qxf6+ 40. Ke1 Rxc2 41. Re7+ Ka6 42. Rxa7+ Kxa7 43. Rxc2 Qa1+ 44. Kd2 Qxa3 45. Rc7+ Ka6 46. Rxf7 Qxb4+ 47. Kd3 Qe4+ 48. Kc3 d4+ 49. Kd2 Qe3+ 0-1

[Event "17th Izmir Open 2018"]
[Site "Izmir"]
[Date "2018.09.09"]
[Round "1.9"]
[White "Kirilmaz, Emre"]
[Black "Vural, Emre"]
[Result "1-0"]
[WhiteElo "2017"]
[BlackElo "1412"]
[Annotator "NA"]
[PlyCount "67"]
[EventDate "2018.09.09"]
[EventType "swiss"]
[EventCountry "TUR"]
[SourceTitle "playchess.com"]
[Source "ChessBase"]
[SourceQuality "1"]
[TimeControl "5400+30"]

1. d4 d5 2. c3 Nf6 3. Bg5 e6 4. Nd2 Be7 5. Ngf3 Nbd7 6. e3 h6 7. Bf4 c5 8. Bd3 O-O 9. O-O Nh5 10. Be5 Nhf6 11. Rc1 Nxe5 12. Nxe5 Nd7 13. f4 f5 14. Ndf3 c4 15. Bb1 Nf6 16. Ng6 Re8 17. Nfe5 Bd6 18. Kh1 Bxe5 19. fxe5 Nd7 20. g4 fxg4 21. Qxg4 Qg5 22. Qxg5 hxg5 23. Rf3 Nf8 24. Nxf8 Rxf8 25. Bh7+ Kxh7 26. Rxf8 b6 27. Rcf1 Bb7 28. Rxa8 Bxa8 29. Rf7 Bc6 30. Rxa7 Kg6 31. Ra6 Kf5 32. Rxb6 Bd7 33. Kg2 Ke4 34. Kf2 1-0

[Event "17th Izmir Open 2018"]
[Site "Izmir"]
[Date "2018.09.09"]
[Round "1.10"]
[White "Aydin, Erman"]
[Black "Bilyap, Enis"]
[Result "0-1"]
[WhiteElo "1518"]
[BlackElo "1983"]
[Annotator "NA"]
[PlyCount "60"]
[EventDate "2018.09.09"]
[EventType "swiss"]
[EventCountry "TUR"]
[SourceTitle "playchess.com"]
[Source "ChessBase"]
[SourceQuality "1"]
[TimeControl "5400+30"]

1. d4 d6 2. c4 Nf6 3. Nc3 g6 4. e4 Bg7 5. f3 Nbd7 6. Be3 c5 7. d5 Ne5 8. Qd2 O-O 9. Bd3 Qa5 10. Nge2 Nfd7 11. b3 a6 12. Kf2 f5 13. Bc2 fxe4 14. Bxe4 Ng4+ 15. Kg1 Nxe3 16. Qxe3 b5 17. Rb1 bxc4 18. bxc4 Ne5 $17 19. Bd3 Nxd3 20. Qxd3 Bf5 21. Ne4 Qxa2 22. Kf2 Rab8 23. Rhc1 a5 24. Kg1 a4 25. g4 Rxb1 26. Rxb1 Bxe4 27. Qxe4 a3 28. Rb7 Qa1+ 29. Kg2 a2 30. Qxe7 Qf6 0-1

[Event "17th Izmir Open 2018"]
[Site "Izmir"]
[Date "2018.09.10"]
[Round "3.1"]
[White "Yilmazyerli, Mert"]
[Black "Kalemler, Kaan"]
[Result "1-0"]
[WhiteElo "2450"]
[BlackElo "1846"]
[Annotator "TA"]
[PlyCount "53"]
[EventDate "2018.09.09"]
[EventType "swiss"]
[EventCountry "TUR"]
[SourceTitle "playchess.com"]
[Source "ChessBase"]
[SourceQuality "1"]

{[%evp 15,53,37,39,29,36,31,43,-91,43,37,30,6,24,39,35,42,25,31,20,56,66,60,70,-18,141,78,57,35,453,248,794,872,1167,879,1185,1130,1663,1620,2509,2452]} 1. e4 c5 2. Nc3 d6 3. d4 cxd4 4. Qxd4 Nc6 5. Qd2 g6 6. b3 {B23: Closed Sicilian: Lines without g3} Bg7 (6... Bh6 7. f4 f5 8. Bb2 Nf6 9. Bd3 Qa5 10. exf5 Bxf5 11. Nge2 Bxd3 12. Qxd3 {1-0 (42) Nakamura,H (2769)-Grischuk,A (2766) Leuven 2018}) 7. Bb2 Nf6 8. O-O-O O-O {LiveBook: 4 Games} 9. f3 Qa5 10. Kb1 Rd8 11. g4 $146 {[#]} (11. Nd5 $14 {stays ahead.}) ({Predecessor:} 11. Nge2) 11... h5 (11... d5 $1 $17 {[%cal Rd5e4][%mdl 512] ...dxe4 is the strong threat.} 12. exd5 (12. Nxd5 Nxd5 13. exd5 Nb4 $17) 12... Nb4) 12. gxh5 $14 Qxh5 13. Nd5 Nxd5 14. Bxg7 Kxg7 15. exd5 Ne5 16. Be2 Qh4 17. f4 Ng4 18. Nf3 Qf2 19. Rhe1 (19. Rhg1 $14) 19... Qc5 $2 (19... Rh8 $11) 20. Bf1 (20. Bc4 $142) 20... Bf5 $16 21. Nd4 $36 {[%mdl 2048] White is more active.} Rd7 $2 {[%mdl 8192]} ({Black should play} 21... Rh8 $1 $14) 22. Bh3 (22. Nxf5+ $142 gxf5 23. Bd3 Qxd5 24. c4) 22... Kf8 $2 (22... Rc7 23. Qg2 Bxc2+ 24. Nxc2 Qf2) 23. Qg2 $18 {White is clearly winning.} Nf2 24. Qxf2 Bxh3 25. Qh4 {[%cal Rh4h8]} Kg7 26. Qxh3 Rc7 {[#]} 27. Nf5+ $1 {Precision: White = 43%, Black = 25%.} 1-0

[Event "17th Izmir Open 2018"]
[Site "Izmir"]
[Date "2018.09.10"]
[Round "3.2"]
[White "Zekeriyaoglu, Ersen"]
[Black "Mammadov, Ayaz"]
[Result "0-1"]
[WhiteElo "1787"]
[BlackElo "2411"]
[Annotator "TA"]
[PlyCount "92"]
[EventDate "2018.09.09"]
[EventType "swiss"]
[EventCountry "TUR"]
[SourceTitle "playchess.com"]
[Source "ChessBase"]
[SourceQuality "1"]

{[%evp 16,92,-20,-65,-49,-62,-31,-44,-11,-18,-15,-18,-15,-15,0,-33,-13,-43,-34,-46,-33,-41,-43,-56,-64,-317,-318,-334,-286,-330,-189,-200,-172,-182,-193,-192,-186,-180,-108,-100,-15,-283,-93,-171,0,-154,-145,-173,-172,-222,-222,-220,-223,-225,-194,-219,-228,-237,-229,-356,-352,-339,-338,-356,-356,-356,-358,-496,-502,-497,-470,-910,-916,-29989,-29989,-29990,-29991,-29991,-29992]} 1. c4 e6 2. Nf3 d5 3. cxd5 exd5 4. d4 c6 5. g3 Nf6 6. Bg2 Bd6 7. O-O O-O 8. Nc3 Re8 9. Bf4 {LiveBook: 3 Games. D35: Queen's Gambit Declined: Exchange Variation} Bxf4 10. gxf4 Qd6 $146 ({Predecessor:} 10... Bf5 11. Ne5 Nbd7 12. e3 Ne4 13. Nxe4 dxe4 14. Qb3 Re7 15. Rac1 Nb6 16. Qc2 f6 {0-1 (49) Praznik,N (2404)-Martinovic,S (2563) Slovenia 2016}) 11. Ne5 {Black is slightly better.} Nh5 12. e3 g6 13. Qb3 Na6 14. Rac1 Rb8 15. Bf3 Ng7 16. Rfd1 Be6 17. Na4 Nf5 18. Qa3 {Threatening Qxd6.} Qd8 19. Nc3 Nh4 {Threatens to win with ...f6.} 20. Bg4 $2 {[%mdl 8192]} (20. Be2 $15) 20... Bxg4 $19 21. Nxg4 {[#]} h5 $1 {[%cal Rh5g4]} 22. Ne5 f6 (22... Qc8 $142 {( -> ...Qh3)} 23. Kf1 (23. Nxd5 {gets mated.} Qh3 24. Nf6+ Kg7 25. Nxh5+ gxh5 26. Qf8+ Rxf8 27. Kh1 Qg2#) 23... f6) 23. Nd3 Qd7 24. Ne1 Qg4+ 25. Kf1 Qh3+ 26. Kg1 Nf3+ (26... g5 $19 27. Ne2 Nc7) 27. Nxf3 $17 {[#] Hoping for Nd2.} Qxf3 ({Better is} 27... Qg4+ $17 28. Kf1 Qxf3) 28. Kf1 $2 {[%mdl 8192]} (28. Nb1 $1 $11) 28... Qh3+ $2 (28... Rxe3 $19 {[%cal Rf3h1] has better winning chances.} 29. Kg1 Qg4+ 30. Kh1 Qf3+ 31. Kg1 Qg4+ 32. Kh1 Re6) 29. Kg1 (29. Ke2 $17) 29... Qf3 $2 ({Black should play} 29... h4 $19 {White must now prevent ...Qf3.} 30. Ne2 Nc7) 30. Qd6 $2 (30. Kf1 $11) 30... Kf7 31. f5 Qxf5 32. a3 h4 33. Qf4 Qxf4 34. exf4 Ke6 35. Kg2 Kf5 36. Kf3 Nc7 37. Re1 (37. Rd2 {keeps fighting.}) 37... Ne6 $19 38. Ne2 g5 39. fxg5 Nxg5+ ({Less strong is} 39... fxg5 40. h3 $19) 40. Kg2 h3+ 41. Kh1 Nf3 42. Ng3+ Kg4 43. Rxe8 (43. Re3 $142 Nxd4 44. Rf1) 43... Rxe8 44. Rd1 f5 {[%cal Bf6f5,Bf5f4][%mdl 32] Black mates.} 45. b4 f4 46. Nf1 Re2 {Precision: White = 27%, Black = 47%.} 0-1

[Event "17th Izmir Open 2018"]
[Site "Izmir"]
[Date "2018.09.10"]
[Round "3.3"]
[White "Arat, Ufuk Sezen"]
[Black "Isilak, Enes"]
[Result "1-0"]
[WhiteElo "2385"]
[BlackElo "1830"]
[Annotator "ChessBase"]
[PlyCount "77"]
[EventDate "2018.09.09"]
[EventType "swiss"]
[EventCountry "TUR"]
[SourceTitle "playchess.com"]
[Source "ChessBase"]
[SourceQuality "1"]
[TimeControl "5400+30"]

1. d4 Nf6 2. Nf3 g6 3. Nbd2 d5 4. b4 Bg7 5. e3 O-O 6. Be2 Ne4 7. Bb2 c5 8. bxc5 Nxc5 9. Rb1 Na4 10. Ba1 Bf5 11. Nh4 Be4 12. Nxe4 dxe4 13. c4 Nb6 14. g3 Nc6 15. O-O Qc7 16. Qc2 e5 17. c5 Nd7 18. d5 Na5 19. Rfc1 Rac8 20. c6 bxc6 21. Qxe4 Qd6 22. Qa4 Qc7 23. d6 Qd8 24. Bc3 Nb7 25. Rxb7 Nc5 26. Qxa7 Nxb7 27. Qxb7 Qxd6 28. Nf3 Rb8 29. Qa6 h5 30. h4 Rfe8 31. Ng5 Re7 32. Rd1 Qc7 33. Bc4 Bf6 34. Ne4 Bg7 35. Qa5 Qc8 36. Qc5 Qg4 37. Qxe7 Qxd1+ 38. Kg2 Rb1 39. Nf6+ 1-0

[Event "17th Izmir Open 2018"]
[Site "Izmir"]
[Date "2018.09.10"]
[Round "3.4"]
[White "Sekerci, Berkin"]
[Black "Darban, Morteza"]
[Result "0-1"]
[WhiteElo "1815"]
[BlackElo "2333"]
[Annotator "NA"]
[PlyCount "86"]
[EventDate "2018.09.09"]
[EventType "swiss"]
[EventCountry "TUR"]
[SourceTitle "playchess.com"]
[Source "ChessBase"]
[SourceQuality "1"]
[TimeControl "5400+30"]

1. e4 Nf6 2. e5 Nd5 3. d4 d6 4. Nf3 g6 5. exd6 cxd6 6. Bc4 Nf6 7. O-O d5 8. Bb3 Bg7 9. Bf4 O-O 10. Nbd2 Nc6 11. h3 Nh5 12. Be5 Nxe5 13. Nxe5 e6 14. Ndf3 b6 15. Qd2 Bb7 16. c3 Nf6 17. Qe3 Ne4 18. Nd2 Nd6 $15 19. Bc2 Rc8 20. Bd3 Nc4 21. Ndxc4 dxc4 22. Be4 Bd5 23. Bxd5 Qxd5 24. Rfe1 Rc7 25. Qe4 Qxe4 26. Rxe4 Rb8 27. Rd1 b5 28. d5 Rd8 29. d6 Rc5 30. Nf3 Kf8 31. Re2 Ke8 32. h4 h6 33. g3 Kd7 34. Nd2 Rd5 35. Ree1 Kxd6 36. Ne4+ Kc6 37. Rxd5 exd5 38. Nd2 d4 39. cxd4 Bxd4 40. Nf3 Bxb2 41. Re2 Bf6 42. Rc2 Rd3 43. Nd2 Rc3 0-1

[Event "17th Izmir Open 2018"]
[Site "Izmir"]
[Date "2018.09.10"]
[Round "3.5"]
[White "Guseynov, Alihan"]
[Black "Yildiz, Talat"]
[Result "1-0"]
[WhiteElo "2297"]
[BlackElo "1847"]
[Annotator "NA"]
[PlyCount "63"]
[EventDate "2018.09.09"]
[EventType "swiss"]
[EventCountry "TUR"]
[SourceTitle "playchess.com"]
[Source "ChessBase"]
[SourceQuality "1"]
[TimeControl "5400+30"]

1. d4 d5 2. c4 e6 3. Nc3 Be7 4. Nf3 Nf6 5. Bf4 {LiveBook: 6636 Games} O-O 6. e3 a6 7. c5 c6 (7... b6 $11) 8. Bd3 Nbd7 9. h3 b6 10. b4 a5 11. a3 bxc5 (11... Ba6 $11 {remains equal.}) 12. bxc5 Ba6 13. Bxa6 Rxa6 14. Rb1 Qc8 15. O-O Bd8 16. Qd3 Ra7 17. Ne5 Nxe5 18. Bxe5 Nd7 19. Bd6 $16 Re8 20. e4 Bc7 21. e5 Bxd6 22. cxd6 Rb7 23. Na4 Qa8 24. Rxb7 Qxb7 25. Rb1 Qa7 26. Qc3 Rb8 27. Rxb8+ Nxb8 28. Qc5 Qxc5 29. Nxc5 Kf8 30. f4 Ke8 31. Kf2 h6 32. h4 1-0

[Event "17th Izmir Open 2018"]
[Site "Izmir"]
[Date "2018.09.10"]
[Round "3.6"]
[White "Camlar, Arda"]
[Black "Isik, Alparslan"]
[Result "*"]
[WhiteElo "1675"]
[BlackElo "2210"]
[Annotator "NA"]
[PlyCount "66"]
[EventDate "2018.09.09"]
[EventType "swiss"]
[EventCountry "TUR"]
[SourceTitle "playchess.com"]
[Source "ChessBase"]
[SourceQuality "1"]
[TimeControl "5400+30"]

1. e4 c5 2. Nf3 g6 3. c3 Bg7 4. d4 cxd4 5. cxd4 d5 6. e5 Nc6 7. Bb5 Bd7 8. Nc3 e6 9. O-O Nge7 10. Be3 Nf5 11. Qd2 Nxe3 12. fxe3 O-O 13. Rac1 Qb6 14. Qe2 a6 15. Bd3 $11 f6 16. exf6 Rxf6 17. Na4 Qc7 18. Nc5 Raf8 19. Nxd7 Qxd7 20. Rfd1 Qd6 21. Bc2 Kh8 22. Bb3 Bh6 23. Rc5 Rf5 24. Rdc1 Bg7 25. h3 Rxf3 26. gxf3 Nxd4 27. Qg2 Nxf3+ 28. Kh1 Nh4 29. Qh2 Be5 30. Qg1 Rf3 31. Qg4 Qe7 32. Rc8+ Kg7 33. Rg1 h5 *